[Event "4NCL/Div3/NWE2 vs. WES2"]
[Site "Birmingham ENG"]
[Date "2007.11.10"]
[Round "3.3"]
[White "Charleshouse, Glenn L"]
[Black "Pleasants, Allan J"]
[Result "1/2-1/2"]
[WhiteElo "2229"]
[BlackElo "2098"]
[PlyCount "108"]
[EventDate "2007.11.10"]
[EventType "team"]
[EventRounds "11"]
[EventCountry "ENG"]
[SourceDate "2007.09.15"]

1. e4 g6 2. Nf3 c6 3. d4 Bg7 4. Be2 d6 5. h3 Nf6 6. Nc3 O-O 7. O-O b5 8. e5 Ne8
9. Ne4 Bb7 10. Bf4 Na6 11. Re1 Nac7 12. Bf1 Nd5 13. Bg3 Qd7 14. a4 a6 15. c3
Bh6 16. Qb3 Bf4 17. axb5 cxb5 18. c4 Bxg3 19. Nxg3 bxc4 20. Bxc4 Nf4 21. Qe3 d5
22. Bf1 Ne6 23. Ra5 N8c7 24. Rea1 Rfb8 25. Qa3 Bc6 26. Bxa6 Nxa6 27. Rxa6 Rxa6
28. Qxa6 Rxb2 29. Rc1 Bb7 30. Qa3 Rb6 31. Qe3 Kg7 32. Ng5 Ba6 33. Nxe6+ Qxe6
34. Rc7 Rb7 35. Rxb7 Bxb7 36. Ne2 Qf5 37. Kh2 Ba6 38. Ng3 Qe6 39. Qg5 h6 40.
Qf4 Bd3 41. Qe3 Bc2 42. f3 Bb1 43. Qc1 Bd3 44. Nh1 g5 45. Nf2 Bc4 46. Qd2 Qf5
47. Qe3 Kg6 48. Qc3 h5 49. Qe3 f6 50. exf6 Qxf6 51. Kg1 Qf4 52. Qe6+ Qf6 53.
Qe3 Qf4 54. Qe6+ Qf6 1/2-1/2

[Event "4NCL/Div3/NWE2 vs. WES2"]
[Site "Birmingham ENG"]
[Date "2007.11.10"]
[Round "3.4"]
[White "Gregory, Keith D"]
[Black "Lyell, Mark"]
[Result "0-1"]
[WhiteElo "2100"]
[BlackElo "2197"]
[PlyCount "68"]
[EventDate "2007.11.10"]
[EventType "team"]
[EventRounds "11"]
[EventCountry "ENG"]
[SourceDate "2007.09.15"]

1. Nf3 Nc6 2. c4 e5 3. Nc3 g6 4. g3 Bg7 5. Bg2 d6 6. O-O Nge7 7. Rb1 Be6 8. d3
h6 9. b4 Qd7 10. b5 Nd8 11. a4 Bh3 12. e4 O-O 13. Nd5 Bxg2 14. Kxg2 Ne6 15. Ng1
Rae8 16. Ne2 f5 17. f3 g5 18. Nec3 Ng6 19. Rb2 c6 20. Nb4 Nd4 21. Rbf2 Rf7 22.
Nc2 Ref8 23. Nxd4 exd4 24. Ne2 c5 25. Ng1 Ne5 26. Qe2 Qe6 27. Bd2 Qg6 28. Be1
h5 29. h3 Bh6 30. Kh2 g4 31. f4 Nxd3 32. Qxd3 fxe4 33. Qd1 e3 34. f5 Qh7 0-1

[Event "4NCL/Div3/NWE2 vs. WES2"]
[Site "Birmingham ENG"]
[Date "2007.11.10"]
[Round "3.5"]
[White "Hughes, Howard R"]
[Black "Taylor-Bowd, Phil"]
[Result "1-0"]
[WhiteElo "2213"]
[BlackElo "2064"]
[PlyCount "81"]
[EventDate "2007.11.10"]
[EventType "team"]
[EventRounds "11"]
[EventCountry "ENG"]
[SourceDate "2007.09.15"]

1. e4 d6 2. d4 Nf6 3. Nc3 Nbd7 4. Bc4 e5 5. f4 c6 6. Nf3 exd4 7. Qxd4 d5 8.
exd5 Bc5 9. Qd3 O-O 10. dxc6 bxc6 11. Bd2 Qe8+ 12. Qe2 Nb6 13. O-O-O Bg4 14. h3
Bxf3 15. gxf3 Qxe2 16. Bxe2 Nbd5 17. Ne4 Bb6 18. Ba6 Rab8 19. Rhe1 Bc7 20. f5
Be5 21. c3 Rb6 22. Bc4 Rfb8 23. Nxf6+ Bxf6 24. Bxd5 cxd5 25. Bf4 Rc8 26. Rxd5
h6 27. Be5 Re8 28. f4 Bh4 29. Rg1 f6 30. Bd4 Rb7 31. Rg4 Re2 32. c4 Bf2 33. Kd1
Rbe7 34. Bxf6 Re1+ 35. Kc2 R1e2+ 36. Rd2 Rxd2+ 37. Kxd2 Rf7 38. Bc3 Rxf5 39.
Bxg7 Kh7 40. Be5 h5 41. Rg5 1-0

[Event "4NCL/Div3/NWE2 vs. WES2"]
[Site "Birmingham ENG"]
[Date "2007.11.10"]
[Round "3.6"]
[White "Ferrington, Nigel M"]
[Black "Hulmes, David I"]
[Result "1/2-1/2"]
[WhiteElo "2101"]
[BlackElo "2225"]
[PlyCount "124"]
[EventDate "2007.11.10"]
[EventType "team"]
[EventRounds "11"]
[EventCountry "ENG"]
[SourceDate "2007.09.15"]

1. e4 e5 2. Nf3 Nc6 3. d4 exd4 4. c3 d5 5. exd5 Qxd5 6. cxd4 Bg4 7. Be2 Bb4+ 8.
Nc3 Bxf3 9. Bxf3 Qc4 10. Bxc6+ bxc6 11. Qe2+ Qxe2+ 12. Kxe2 O-O-O 13. Be3 Ne7
14. Rhd1 Rhe8 15. Rac1 Nf5 16. Kf3 Rd6 17. a3 Ba5 18. Na4 Bb6 19. Nc5 Red8 20.
Rc4 Bxc5 21. Rxc5 Nxd4+ 22. Bxd4 Rxd4 23. Rxd4 Rxd4 24. Ke3 Rd6 25. h4 Kb7 26.
g3 Rd5 27. Rc4 c5 28. Rg4 g6 29. Re4 h5 30. Re7 Rf5 31. f3 c4 32. g4 hxg4 33.
fxg4 Rf1 34. Kd4 f5 35. gxf5 gxf5 36. Rf7 Rf4+ 37. Kc5 Rxh4 38. Rxf5 Rh2 39.
Kxc4 Rxb2 40. Rh5 Kb6 41. Rg5 c6 42. Rg7 Rh2 43. Rg8 Rh3 44. Kb4 a5+ 45. Ka4
Rh4+ 46. Kb3 a4+ 47. Kc3 Kb5 48. Rb8+ Kc5 49. Ra8 Rc4+ 50. Kd3 Rf4 51. Kc3 Rf3+
52. Kb2 Rf4 53. Kc3 Kd6 54. Rd8+ Kc7 55. Rh8 Kb7 56. Rh7+ Kb6 57. Rh8 c5 58.
Rb8+ Kc7 59. Rh8 Re4 60. Rg8 Kb7 61. Rh8 Re3+ 62. Kc4 Rxa3 1/2-1/2

[Event "4NCL/Div3/NWE2 vs. WES2"]
[Site "Birmingham ENG"]
[Date "2007.11.10"]
[Round "3.7"]
[White "Connor, Stephen J"]
[Black "Pym, Thomas W"]
[Result "0-1"]
[WhiteElo "2105"]
[BlackElo "2073"]
[PlyCount "78"]
[EventDate "2007.11.10"]
[EventType "team"]
[EventRounds "11"]
[EventCountry "ENG"]
[SourceDate "2007.09.15"]

1. e4 g6 2. d4 Bg7 3. Nc3 d6 4. Be3 a6 5. a4 b6 6. Be2 e6 7. Qd2 h6 8. f4 Ne7
9. Nf3 f5 10. O-O O-O 11. Bf2 fxe4 12. Nxe4 Nd5 13. g3 Bb7 14. Bd3 c5 15. Nh4
Ne7 16. dxc5 bxc5 17. c3 Qc7 18. Bc2 Rd8 19. Rad1 Bd5 20. Qe2 c4 21. Qg4 Qb7
22. Nxg6 Nf5 23. Qe2 Qf7 24. Nh4 Nxh4 25. gxh4 Nc6 26. Bb6 Rd7 27. Ng3 Rb8 28.
a5 Kh8 29. h5 Ne7 30. Be4 Bxe4 31. Qxe4 Nf5 32. Rfe1 Nxg3 33. hxg3 e5 34. fxe5
Bxe5 35. g4 Rg8 36. Kh1 Qf6 37. Rd4 Qh4+ 38. Kg2 Qh2+ 39. Kf3 Rf7+ 0-1

[Event "4NCL/Div3/NWE2 vs. WES2"]
[Site "Birmingham ENG"]
[Date "2007.11.10"]
[Round "3.8"]
[White "Khoo, Teresa"]
[Black "Morrison, Lynne"]
[Result "1-0"]
[WhiteElo "2055"]
[BlackElo "1948"]
[PlyCount "71"]
[EventDate "2007.11.10"]
[EventType "team"]
[EventRounds "11"]
[EventCountry "ENG"]
[SourceDate "2007.09.15"]

1. e4 c5 2. Nf3 d6 3. c3 Nf6 4. Be2 Nc6 5. Qc2 g6 6. h3 Bg7 7. O-O O-O 8. a3 e6
9. b4 a6 10. Bb2 b5 11. d3 Bb7 12. Nbd2 Rc8 13. Qb3 Qc7 14. c4 bxc4 15. dxc4
Nd7 16. Bxg7 Kxg7 17. Qc3+ Kg8 18. b5 Nce5 19. Nxe5 dxe5 20. a4 f5 21. Bf3 f4
22. Rad1 Nf6 23. Rfe1 Rfd8 24. b6 Qb8 25. Qc2 Qa8 26. Nb3 Rxd1 27. Qxd1 Rc6 28.
a5 Rc8 29. Qd6 Nxe4 30. Qxe6+ Kf8 31. Bxe4 Bxe4 32. Rxe4 Re8 33. Qd6+ Kg8 34.
Rxe5 Rxe5 35. Qxe5 Qd8 36. Qd5+ 1-0

[Event "4NCL/Div3/FCA1 vs. PAND"]
[Site "Birmingham ENG"]
[Date "2007.11.10"]
[Round "3.1"]
[White "Hetey, Laszlo"]
[Black "Ashton, Adam G"]
[Result "1/2-1/2"]
[WhiteElo "2359"]
[BlackElo "2282"]
[PlyCount "85"]
[EventDate "2007.11.10"]
[EventType "team"]
[EventRounds "11"]
[EventCountry "ENG"]
[SourceDate "2007.09.15"]

1. d4 d5 2. Nf3 Nf6 3. c4 e6 4. Nc3 c6 5. e3 Nbd7 6. Qc2 Bd6 7. Bd3 dxc4 8.
Bxc4 b5 9. Be2 Bb7 10. O-O O-O 11. Rd1 Qc7 12. e4 e5 13. g3 Rfe8 14. a3 a5 15.
dxe5 Nxe5 16. Bg5 Nfg4 17. Nd4 Bc5 18. Rac1 h6 19. Bf4 Bxd4 20. Rxd4 Qb6 21.
Rcd1 Rad8 22. Qd2 Rxd4 23. Qxd4 Qxd4 24. Rxd4 Nf6 25. f3 g5 26. Bc1 Kg7 27. Rd6
b4 28. Na4 g4 29. Bxh6+ Kxh6 30. Rxf6+ Kg7 31. Rf4 gxf3 32. Bxf3 Rd8 33. Bg2
Ba6 34. axb4 axb4 35. Bf1 Rd1 36. Kg2 Rd2+ 37. Rf2 Rxf2+ 38. Kxf2 Ng4+ 39. Kg1
Bxf1 40. Kxf1 Nxh2+ 41. Ke2 Kf6 42. Nc5 Ke5 43. Nd3+ 1/2-1/2

[Event "4NCL/Div3/FCA1 vs. PAND"]
[Site "Birmingham ENG"]
[Date "2007.11.10"]
[Round "3.2"]
[White "Walton, Alan J"]
[Black "Tippleston, Charles"]
[Result "1/2-1/2"]
[WhiteElo "2227"]
[BlackElo "2158"]
[PlyCount "62"]
[EventDate "2007.11.10"]
[EventType "team"]
[EventRounds "11"]
[EventCountry "ENG"]
[SourceDate "2007.09.15"]

1. d4 d5 2. Bf4 Nf6 3. e3 g6 4. Bd3 Bg7 5. h3 O-O 6. Nd2 c5 7. c3 b6 8. Ngf3
Bb7 9. O-O Nbd7 10. Qc2 Rc8 11. Rae1 a6 12. Qb1 Re8 13. Bh2 b5 14. Ne5 Nxe5 15.
Bxe5 Nd7 16. Bxg7 Kxg7 17. f4 e6 18. Nf3 b4 19. Ne5 Re7 20. g4 f6 21. Nxd7 Rxd7
22. Rc1 Qb6 23. Rfe1 Rdc7 24. h4 f5 25. g5 a5 26. Kf2 Ba6 27. dxc5 Rxc5 28.
Bxa6 Qxa6 29. cxb4 axb4 30. Rxc5 Rxc5 31. Rc1 Qc6 1/2-1/2

[Event "4NCL/Div3/FCA1 vs. PAND"]
[Site "Birmingham ENG"]
[Date "2007.11.10"]
[Round "3.3"]
[White "Macdonald-Ross, Michael"]
[Black "Cumbers, Paul"]
[Result "1/2-1/2"]
[WhiteElo "2150"]
[BlackElo "2128"]
[PlyCount "42"]
[EventDate "2007.11.10"]
[EventType "team"]
[EventRounds "11"]
[EventCountry "ENG"]
[SourceDate "2007.09.15"]

1. d4 Nf6 2. Nf3 e6 3. e3 b6 4. Bd3 Bb7 5. O-O c5 6. b3 cxd4 7. exd4 Be7 8. Bb2
O-O 9. Nbd2 d6 10. Re1 Nbd7 11. Nf1 a6 12. Ng3 Re8 13. c4 Rc8 14. Qe2 Rc7 15.
Ng5 Bf8 16. Rac1 Qa8 17. f3 h6 18. Nh3 d5 19. f4 Rcc8 20. Bb1 Bd6 21. Qd2 Qb8
1/2-1/2

[Event "4NCL/Div3/FCA1 vs. PAND"]
[Site "Birmingham ENG"]
[Date "2007.11.10"]
[Round "3.4"]
[White "Birtwhistle, Nigel"]
[Black "Smith, Graham"]
[Result "1/2-1/2"]
[WhiteElo "2125"]
[BlackElo "2123"]
[PlyCount "41"]
[EventDate "2007.11.10"]
[EventType "team"]
[EventRounds "11"]
[EventCountry "ENG"]
[SourceDate "2007.09.15"]

1. e4 c5 2. c3 Nf6 3. e5 Nd5 4. d4 cxd4 5. Nf3 e6 6. cxd4 b6 7. Bd3 Bb4+ 8. Bd2
Bxd2+ 9. Nbxd2 Ba6 10. Bxa6 Nxa6 11. a3 O-O 12. O-O d6 13. Qe2 Nac7 14. g3 dxe5
15. dxe5 Qe7 16. Rac1 Rfc8 17. Nc4 Ne8 18. Ne3 Nec7 19. Nc4 Ne8 20. Ne3 Nec7
21. Nc4 1/2-1/2

[Event "4NCL/Div3/FCA1 vs. PAND"]
[Site "Birmingham ENG"]
[Date "2007.11.10"]
[Round "3.5"]
[White "Freeman, Richard C P"]
[Black "Taylor, Robert M"]
[Result "0-1"]
[WhiteElo "2097"]
[BlackElo "2203"]
[PlyCount "80"]
[EventDate "2007.11.10"]
[EventType "team"]
[EventRounds "11"]
[EventCountry "ENG"]
[SourceDate "2007.09.15"]

1. d4 Nf6 2. Bg5 e6 3. e3 c5 4. c3 b6 5. Nd2 Be7 6. Ngf3 Bb7 7. Bd3 d6 8. O-O
Nbd7 9. Qe2 Qc7 10. Rfe1 O-O 11. e4 e5 12. dxe5 dxe5 13. Nf1 Rfe8 14. Ng3 Bf8
15. Rad1 h6 16. Bc1 a6 17. Nf5 c4 18. Bxc4 Bxe4 19. N3h4 b5 20. Bd3 Bxd3 21.
Rxd3 e4 22. Rg3 Kh7 23. Nxg7 Bxg7 24. Nf5 Bf8 25. Nxh6 Qxg3 26. hxg3 Bxh6 27.
Bxh6 Kxh6 28. Qe3+ Kg6 29. Qf4 Ne5 30. g4 Nexg4 31. Rd1 Rad8 32. Rd4 Rxd4 33.
cxd4 e3 34. fxe3 Rxe3 35. g3 Re1+ 36. Kg2 Ne3+ 37. Kf2 Rf1+ 38. Kxe3 Nd5+ 39.
Ke2 Rxf4 40. gxf4 Nxf4+ 0-1

[Event "4NCL/Div3/FCA1 vs. PAND"]
[Site "Birmingham ENG"]
[Date "2007.11.10"]
[Round "3.6"]
[White "Woolley, Jos"]
[Black "Utyuzhnikova, Galina"]
[Result "1-0"]
[WhiteElo "2098"]
[BlackElo "2105"]
[PlyCount "139"]
[EventDate "2007.11.10"]
[EventType "team"]
[EventRounds "11"]
[EventCountry "ENG"]
[SourceDate "2007.09.15"]

1. e4 e6 2. d4 d5 3. Nd2 Nc6 4. Ngf3 Nf6 5. e5 Nd7 6. c3 f6 7. exf6 Qxf6 8. Bb5
Ne7 9. O-O c6 10. Bd3 Ng6 11. Re1 Bd6 12. Bxg6+ Qxg6 13. Qe2 Nf6 14. Ne5 Bxe5
15. Qxe5 O-O 16. Qg3 Qxg3 17. hxg3 Ng4 18. f3 Nf6 19. Nb3 b6 20. Bg5 Bd7 21.
Nc1 h6 22. Be3 g5 23. g4 Rac8 24. Nd3 Be8 25. Bf2 Bf7 26. b4 Nd7 27. a4 a6 28.
a5 b5 29. Bg3 Bg6 30. Nc1 Rce8 31. Be5 Rf7 32. Re3 Rh7 33. Nb3 h5 34. gxh5 Bxh5
35. Nd2 Bg6 36. Rae1 Kf7 37. Nf1 Rh4 38. g3 Rh5 39. R1e2 Rh7 40. Rh2 Rxh2 41.
Nxh2 Bf5 42. g4 Bc2 43. Nf1 Bg6 44. Nd2 Bc2 45. Kg2 Kg6 46. Nf1 Kf7 47. Ng3 Bg6
48. Ne2 Rg8 49. Kg3 Bc2 50. Ng1 Bb1 51. Ne2 Bc2 52. Nc1 Bb1 53. Re1 Bg6 54. Kf2
Rc8 55. Kg3 Re8 56. Re2 Rc8 57. Nb3 Bd3 58. Rh2 Bg6 59. f4 gxf4+ 60. Kxf4 Rg8
61. Rh8 Nxe5 62. Rxg8 Nd3+ 63. Kg5 Kxg8 64. Kxg6 e5 65. dxe5 Nxe5+ 66. Kf5 Nd3
67. Ke6 Kg7 68. Kd6 c5 69. bxc5 b4 70. cxb4 1-0

[Event "4NCL/Div3/FCA1 vs. PAND"]
[Site "Birmingham ENG"]
[Date "2007.11.10"]
[Round "3.7"]
[White "Elwin, Adrian G"]
[Black "Coates, David"]
[Result "0-1"]
[WhiteElo "2044"]
[BlackElo "2029"]
[PlyCount "70"]
[EventDate "2007.11.10"]
[EventType "team"]
[EventRounds "11"]
[EventCountry "ENG"]
[SourceDate "2007.09.15"]

1. Nf3 Nf6 2. c4 g6 3. Nc3 d5 4. cxd5 Nxd5 5. e4 Nxc3 6. bxc3 Bg7 7. Bc4 O-O 8.
O-O c5 9. Rb1 Nc6 10. Ba3 b6 11. Bd5 Qc7 12. d4 e6 13. Bxc6 Qxc6 14. d5 Qd6 15.
c4 exd5 16. exd5 Bf5 17. Rb3 Rae8 18. Re1 Qf4 19. Qc1 Qd6 20. Bb2 f6 21. Rxe8
Rxe8 22. Re3 Rxe3 23. Qxe3 Kf7 24. Kf1 Bf8 25. h3 b5 26. cxb5 Qxd5 27. Qc3 Be7
28. Ne1 Qxa2 29. g4 Be6 30. Kg1 Qc4 31. Qa5 Qe2 32. Bc3 Bc4 33. Kg2 Qf1+ 34.
Kg3 Bd6+ 35. Kf3 Qxh3+ 0-1

[Event "4NCL/Div3/FCA1 vs. PAND"]
[Site "Birmingham ENG"]
[Date "2007.11.10"]
[Round "3.8"]
[White "Gallagher, Marie"]
[Black "Kendall, Paul S N"]
[Result "0-1"]
[WhiteElo "1730"]
[BlackElo "2061"]
[PlyCount "70"]
[EventDate "2007.11.10"]
[EventType "team"]
[EventRounds "11"]
[EventCountry "ENG"]
[SourceDate "2007.09.15"]

1. e4 e5 2. Nf3 Nc6 3. Bc4 Nf6 4. Nc3 h6 5. d3 Bb4 6. a3 Bxc3+ 7. bxc3 O-O 8.
h3 d5 9. exd5 Nxd5 10. Bxd5 Qxd5 11. O-O b6 12. Re1 Bb7 13. c4 Qd6 14. Nh4 f5
15. Bb2 Nd4 16. c3 Ne6 17. Ng6 Nf4 18. Nxf4 exf4 19. Qe2 Kh7 20. f3 Rae8 21.
Qd2 Ba6 22. Rad1 g5 23. Bc1 Rd8 24. a4 Rfe8 25. Rxe8 Rxe8 26. Qa2 Qc5+ 27. Kh2
Qe5 28. c5 Re7 29. cxb6 axb6 30. Ba3 c5 31. d4 Qf6 32. dxc5 g4 33. cxb6 Re2 34.
Rd7+ Kh8 35. Qd5 g3+ 0-1

[Event "4NCL/Div3/MIN vs. JUTK"]
[Site "Birmingham ENG"]
[Date "2007.11.10"]
[Round "3.1"]
[White "Yuvarajan, Prathiba"]
[Black "Williams, Simon K"]
[Result "0-1"]
[WhiteElo "2214"]
[BlackElo "2475"]
[PlyCount "66"]
[EventDate "2007.11.10"]
[EventType "team"]
[EventRounds "11"]
[EventCountry "ENG"]
[SourceDate "2007.09.15"]

1. e4 e6 2. d4 d5 3. Nd2 Nf6 4. e5 Nfd7 5. f4 c5 6. c3 Nc6 7. Ndf3 Qb6 8. g3
cxd4 9. cxd4 Be7 10. Bh3 O-O 11. Kf1 f6 12. Kg2 fxe5 13. fxe5 Ndxe5 14. dxe5
Nxe5 15. Qd4 Qxd4 16. Nxd4 Nd3 17. Ngf3 e5 18. Bxc8 Raxc8 19. Nb3 Rc2+ 20. Bd2
e4 21. Nfd4 Rf2+ 22. Kh3 Rcxd2 23. Nxd2 Rxd2 24. Nb3 Rxb2 25. Rhb1 Bf6 26. Rxb2
Bxb2 27. Rb1 e3 28. Nc5 Nxc5 29. Rxb2 d4 30. Kg2 d3 31. Kf3 d2 32. Rb1 Ne4 33.
Kxe3 Nc3 0-1

[Event "4NCL/Div3/MIN vs. JUTK"]
[Site "Birmingham ENG"]
[Date "2007.11.10"]
[Round "3.3"]
[White "Camargo, Luiz"]
[Black "Mack, Andy"]
[Result "1/2-1/2"]
[WhiteElo "2125"]
[BlackElo "2225"]
[PlyCount "44"]
[EventDate "2007.11.10"]
[EventType "team"]
[EventRounds "11"]
[EventCountry "ENG"]
[SourceDate "2007.09.15"]

1. e4 e5 2. Nf3 Nc6 3. Bb5 a6 4. Ba4 Nf6 5. O-O Be7 6. Re1 b5 7. Bb3 d6 8. c3
O-O 9. h3 Bb7 10. d4 Re8 11. d5 Nb8 12. a4 Nbd7 13. Bc2 g6 14. Nbd2 Bf8 15. Nf1
Bg7 16. Bg5 h6 17. Be3 Nf8 18. axb5 axb5 19. b3 c6 20. c4 bxc4 21. bxc4 cxd5
22. Rxa8 Qxa8 1/2-1/2

[Event "4NCL/Div3/MIN vs. JUTK"]
[Site "Birmingham ENG"]
[Date "2007.11.10"]
[Round "3.4"]
[White "Naylor, John"]
[Black "Ackley, Peter"]
[Result "1/2-1/2"]
[WhiteElo "2214"]
[BlackElo "2134"]
[PlyCount "43"]
[EventDate "2007.11.10"]
[EventType "team"]
[EventRounds "11"]
[EventCountry "ENG"]
[SourceDate "2007.09.15"]

1. e4 e6 2. d4 d5 3. Nd2 Be7 4. Bd3 c5 5. dxc5 Nf6 6. Qe2 O-O 7. Ngf3 a5 8. O-O
Na6 9. e5 Nd7 10. c3 Naxc5 11. Bc2 f6 12. exf6 Bxf6 13. Nb3 b6 14. Nxc5 Nxc5
15. Ne5 Bxe5 16. Qxe5 Qf6 17. Qxf6 Rxf6 18. Bg5 Rf7 19. Rfe1 Bb7 20. b4 Ne4 21.
Bxe4 dxe4 22. b5 1/2-1/2

[Event "4NCL/Div3/MIN vs. JUTK"]
[Site "Birmingham ENG"]
[Date "2007.11.10"]
[Round "3.5"]
[White "Almond, Richard"]
[Black "Donovan, Nigel"]
[Result "1/2-1/2"]
[WhiteElo "2105"]
[BlackElo "2121"]
[PlyCount "47"]
[EventDate "2007.11.10"]
[EventType "team"]
[EventRounds "11"]
[EventCountry "ENG"]
[SourceDate "2007.09.15"]

1. d4 Nf6 2. c4 e6 3. Nc3 Bb4 4. Qc2 O-O 5. a3 Bxc3+ 6. Qxc3 b6 7. Bg5 Ba6 8.
e3 c5 9. Bd3 d5 10. Nf3 Nbd7 11. O-O cxd4 12. Nxd4 dxc4 13. Nc6 Qe8 14. Nb4 Nd5
15. Bxh7+ Kxh7 16. Qc2+ Kg8 17. Nxa6 Qc8 18. Nb4 Nxb4 19. axb4 Qc6 20. Rfd1 b5
21. Rd4 f6 22. Rad1 Ne5 23. Bf4 Nf7 24. Bg3 1/2-1/2

[Event "4NCL/Div3/MIN vs. JUTK"]
[Site "Birmingham ENG"]
[Date "2007.11.10"]
[Round "3.6"]
[White "Rich, Mark"]
[Black "Hardman, Michael J"]
[Result "1/2-1/2"]
[WhiteElo "2189"]
[BlackElo "2117"]
[PlyCount "49"]
[EventDate "2007.11.10"]
[EventType "team"]
[EventRounds "11"]
[EventCountry "ENG"]
[SourceDate "2007.09.15"]

1. e4 c5 2. Nc3 e6 3. f4 a6 4. Nf3 Nc6 5. d4 cxd4 6. Nxd4 Nxd4 7. Qxd4 Ne7 8.
Be3 Nc6 9. Qd2 b5 10. e5 d5 11. exd6 Qxd6 12. Qxd6 Bxd6 13. O-O-O Be7 14. g3
Bb7 15. Bg2 Rd8 16. Bb6 Rd7 17. Ne4 h6 18. Rxd7 Kxd7 19. Rd1+ Kc8 20. Nd6+ Bxd6
21. Rxd6 Nb8 22. Bxb7+ Kxb7 23. Bd4 Rg8 24. a4 Nc6 25. axb5 1/2-1/2

[Event "4NCL/Div3/MIN vs. JUTK"]
[Site "Birmingham ENG"]
[Date "2007.11.10"]
[Round "3.7"]
[White "Hawkins, Nick"]
[Black "Wilson, Alexandra"]
[Result "0-1"]
[WhiteElo "2016"]
[BlackElo "2061"]
[PlyCount "80"]
[EventDate "2007.11.10"]
[EventType "team"]
[EventRounds "11"]
[EventCountry "ENG"]
[SourceDate "2007.09.15"]

1. e4 e6 2. d4 d5 3. exd5 exd5 4. Bd3 Nc6 5. c3 Bd6 6. Qf3 Nge7 7. Ne2 Be6 8.
Nf4 Qd7 9. Nxe6 fxe6 10. Qg4 O-O-O 11. O-O Kb8 12. Na3 e5 13. Qxd7 Rxd7 14. Nc2
Rf8 15. Be3 e4 16. Be2 Nf5 17. b3 Be7 18. Rad1 Bf6 19. Rd2 g6 20. Rfd1 Rfd8 21.
Bb5 Rd6 22. Bf4 Re6 23. Be3 a6 24. Be2 Red6 25. b4 Nce7 26. b5 axb5 27. Bxb5
Rb6 28. a4 Nd6 29. c4 Nxc4 30. Bxc4 dxc4 31. d5 c3 32. Re2 Rxd5 33. Rxd5 Rb1+
34. Re1 Rxe1+ 35. Nxe1 Nxd5 36. Nc2 b6 37. Kf1 Kb7 38. Ke2 c5 39. f3 exf3+ 40.
Kxf3 Nb4 0-1

[Event "4NCL/Div3/MIN vs. JUTK"]
[Site "Birmingham ENG"]
[Date "2007.11.10"]
[Round "3.8"]
[White "Rice, Chris"]
[Black "Twitchell, Neville H"]
[Result "1/2-1/2"]
[WhiteElo "2103"]
[BlackElo "1978"]
[PlyCount "44"]
[EventDate "2007.11.10"]
[EventType "team"]
[EventRounds "11"]
[EventCountry "ENG"]
[SourceDate "2007.09.15"]

1. c4 c5 2. g3 g6 3. Bg2 Bg7 4. Nc3 Nc6 5. a3 a6 6. Rb1 Rb8 7. b4 cxb4 8. axb4
b5 9. cxb5 axb5 10. Nf3 Nf6 11. O-O O-O 12. d4 d5 13. Bf4 Bf5 14. Bxb8 Bxb1 15.
Be5 Be4 16. Qb3 Qb6 17. e3 e6 18. Ra1 Rc8 19. Bxf6 Bxf3 20. Bxg7 Bxg2 21. Kxg2
Kxg7 22. Ne2 Ne7 1/2-1/2

[Event "4NCL/Div3/CAMB2 vs. SLOS2"]
[Site "Birmingham ENG"]
[Date "2007.11.10"]
[Round "3.1"]
[White "Cooley, Oliver"]
[Black "Kawuma, Stephen"]
[Result "0-1"]
[WhiteElo "2108"]
[BlackElo "2163"]
[PlyCount "108"]
[EventDate "2007.11.10"]
[EventType "team"]
[EventRounds "11"]
[EventCountry "ENG"]
[SourceDate "2007.09.15"]

1. e4 c5 2. Nf3 Nc6 3. d4 cxd4 4. Nxd4 Nf6 5. Nc3 e5 6. Ndb5 d6 7. Bg5 a6 8.
Na3 b5 9. Nd5 Be7 10. Nxe7 Nxe7 11. Qf3 Bg4 12. Qg3 Be6 13. Bxf6 gxf6 14. Bd3
Ng6 15. O-O Rc8 16. c3 Nf4 17. Rfd1 Ke7 18. Qe3 Qc7 19. Rd2 Rhg8 20. g3 Qc5 21.
Rad1 Bxa2 22. Bf1 Bb3 23. Qxc5 Rxc5 24. Ra1 Ne6 25. Nc2 Bxc2 26. Rxa6 Bxe4 27.
Raxd6 Bc6 28. Bh3 Rd8 29. Rxd8 Nxd8 30. Bf5 h6 31. Kf1 Rd5 32. Rc2 Nb7 33. Ke2
Nd6 34. Bh3 e4 35. Bg2 f5 36. b3 Rd3 37. Ke1 Rd5 38. Ke2 Nb7 39. Ke3 Rd3+ 40.
Kf4 Kf6 41. g4 fxg4 42. Kxg4 Ke5 43. Bf1 Rd1 44. Be2 Rg1+ 45. Kh4 Rg2 46. Bg4
Kf4 47. h3 f5 48. Bh5 Nc5 49. c4 Nd3 50. cxb5 Bxb5 51. Be2 Rg5 52. Bxd3 Bxd3
53. Rb2 Bb5 54. b4 Be8 0-1

[Event "4NCL/Div3/CAMB2 vs. SLOS2"]
[Site "Birmingham ENG"]
[Date "2007.11.10"]
[Round "3.4"]
[White "Purton, Ben J"]
[Black "Robertson, J Stuart"]
[Result "1-0"]
[WhiteElo "2119"]
[BlackElo "2105"]
[PlyCount "79"]
[EventDate "2007.11.10"]
[EventType "team"]
[EventRounds "11"]
[EventCountry "ENG"]
[SourceDate "2007.09.15"]

1. e4 c5 2. Nf3 Nc6 3. Bb5 g6 4. O-O Bg7 5. Re1 e5 6. Nc3 Nge7 7. d3 O-O 8. a4
d6 9. Ne2 Bg4 10. h3 Bxf3 11. gxf3 f5 12. Bc4+ Kh8 13. f4 Qd7 14. Kh2 exf4 15.
Ng1 fxe4 16. dxe4 f3 17. Nxf3 Ne5 18. Be2 Rf7 19. Be3 Raf8 20. Ng5 Rf6 21. f4
N5c6 22. e5 Rxf4 23. Bxf4 Rxf4 24. Bg4 Nf5 25. Qxd6 Qxd6 26. exd6 Nxd6 27. Rad1
Be5 28. Rxe5 Nxe5 29. Rxd6 Nxg4+ 30. hxg4 Rxg4 31. Ne6 Kg8 32. a5 Rb4 33. b3 b6
34. a6 c4 35. Rd7 cxb3 36. Rg7+ Kh8 37. Rxa7 h5 38. cxb3 Rxb3 39. Rb7 Ra3 40.
a7 1-0

[Event "4NCL/Div3/CAMB2 vs. SLOS2"]
[Site "Birmingham ENG"]
[Date "2007.11.10"]
[Round "3.5"]
[White "Jones, Richard M"]
[Black "Pafura, Godfrey"]
[Result "0-1"]
[WhiteElo "2086"]
[BlackElo "2097"]
[PlyCount "68"]
[EventDate "2007.11.10"]
[EventType "team"]
[EventRounds "11"]
[EventCountry "ENG"]
[SourceDate "2007.09.15"]

1. e4 c6 2. d4 d5 3. f3 Nf6 4. Nc3 dxe4 5. fxe4 e5 6. dxe5 Qxd1+ 7. Kxd1 Ng4 8.
Ke1 Nxe5 9. Nf3 Ng6 10. Be3 Bb4 11. Bc4 O-O 12. Rf1 Bg4 13. h3 Bxf3 14. gxf3
Nd7 15. Rd1 Nf6 16. a3 Ba5 17. Rf2 Rfe8 18. Ba2 Bc7 19. Ne2 Rad8 20. Rxd8 Rxd8
21. Bg5 Be5 22. c3 h6 23. Be3 Bb8 24. Rf1 Ne5 25. Nc1 Ng6 26. Rg1 Nh4 27. Ke2
Nh5 28. Bd4 Nf4+ 29. Kf1 g5 30. Ne2 Nxf3 31. Rh1 Nd2+ 32. Ke1 Nxe4 33. Nxf4
Bxf4 34. Bxa7 Bd2+ 0-1

[Event "4NCL/Div3/CAMB2 vs. SLOS2"]
[Site "Birmingham ENG"]
[Date "2007.11.10"]
[Round "3.6"]
[White "Edgell, Ben P"]
[Black "Campbell, Mark"]
[Result "1-0"]
[WhiteElo "2069"]
[BlackElo "2005"]
[PlyCount "121"]
[EventDate "2007.11.10"]
[EventType "team"]
[EventRounds "11"]
[EventCountry "ENG"]
[SourceDate "2007.09.15"]

1. d4 Nf6 2. Nf3 e6 3. g3 d5 4. Bg2 c5 5. c4 Nc6 6. cxd5 exd5 7. O-O Be6 8. Nc3
Be7 9. dxc5 Bxc5 10. Bg5 d4 11. Bxf6 Qxf6 12. Ne4 Qe7 13. Nxc5 Qxc5 14. Rc1 Qb6
15. Ng5 Bxa2 16. Qa4 Bb3 17. Bxc6+ bxc6 18. Qxc6+ Qxc6 19. Rxc6 O-O 20. Rd6
Rfd8 21. Ne4 Rxd6 22. Nxd6 Rd8 23. Rc1 g6 24. Rc8 Rxc8 25. Nxc8 a6 26. Ne7+ Kf8
27. Nc6 d3 28. exd3 Ba4 29. Nd4 Ke7 30. Kf1 Kd6 31. Ke2 Kd5 32. Nf3 f6 33. Kd2
Bd7 34. Ne1 Kd4 35. Nc2+ Kc5 36. Kc3 a5 37. Ne3 Bc6 38. d4+ Kb5 39. Nc2 Bd5 40.
Na3+ Ka6 41. Nc4 Bc6 42. Nd6 Kb6 43. Kc4 Bd7 44. d5 h6 45. Ne4 f5 46. Nd6 Ba4
47. Nf7 h5 48. h4 Bb5+ 49. Kd4 Be8 50. Nd6 Ba4 51. Kc4 Bd7 52. b3 f4 53. gxf4
Bg4 54. Kd4 Bd1 55. Nc4+ Kb5 56. d6 Bg4 57. Ne5 Bf5 58. d7 Bxd7 59. Nxd7 Kb4
60. Nc5 Kb5 61. Nd3 1-0